000 00641nam a2200253Ia 4500
003 OSt
005 20221007111857.0
006 a|||||r|||| 00| 0
007 ta
008 221006b |||||||| |||| 00| 0 hin d
024 _a24,469
037 _cTextual
040 _aLCO
_cLCO
_bhin
041 _2hin
_ahin
082 _aZ2,345, P3
100 _aBabel B.L.
245 0 _aMaal Vikrye Adhiniyam, 1930
250 _a3rd
260 _aAllahabad
_bCentral Law Publication India
_c2003
300 _a128
650 _aSALE OF GOODS
_9461698
942 _hZ2,345, P3
_cTEXL
999 _c1194032
_d1194032